000 00633nam a22002177a 4500
003 DO-SdBNP
005 20210907115912.0
007 ta
008 210907b 2014 dr 00| 0 eng d
020 _a9789945588040
040 _aDO-SdBNP
_bspa
_cBNPHU
100 1 _aVillar, Ynoemia,
_d1955-
_979783
245 1 _aSin regreso /
_cYnoemia Villar
260 _aSanto Domingo :
_bRumbo Sur,
_c2014
300 _a128 p. ;
_c23 cm.
500 _aIncluye datos biográficos de la autora en la solapa de la cubierta
500 _aIncluye notas al pie de las páginas
590 _aInventariado, 2021/BT
910 _aBtavárez
942 _2ddc
_cLBS1
999 _c50438
_d50438